|
|
|
|
| LEADER |
01508nam a2200409Ia 4500 |
| 001 |
EBC1608377 |
| 003 |
MiAaPQ |
| 005 |
20200520144314.0 |
| 006 |
m o d | |
| 007 |
cr cn||||||||| |
| 008 |
090903s2009 dcu sb i000 0 eng d |
| 035 |
|
|
|a (MiAaPQ)EBC1608377
|
| 035 |
|
|
|a (Au-PeEL)EBL1608377
|
| 035 |
|
|
|a (CaPaEBR)ebr10368783
|
| 035 |
|
|
|a (OCoLC)539056589
|
| 040 |
|
|
|a MiAaPQ
|c MiAaPQ
|d MiAaPQ
|
| 050 |
|
4 |
|a HG173
|b .C436 2009
|
| 100 |
1 |
|
|a Chami, Ralph.
|
| 245 |
1 |
2 |
|a A framework for financial market development
|h [electronic resource] /
|c prepared by Ralph Chami, Connel Fullenkamp and Sunil Sharma.
|
| 260 |
|
|
|a Washington, D.C. :
|b International Monetary Fund, IMF Institute,
|c 2009.
|
| 300 |
|
|
|a 58 p.
|
| 490 |
1 |
|
|a IMF working paper ;
|v WP/09/156
|
| 500 |
|
|
|a "July 2009."
|
| 504 |
|
|
|a Includes bibliographical references.
|
| 533 |
|
|
|a Electronic reproduction. Ann Arbor, MI : ProQuest, 2015. Available via World Wide Web. Access may be limited to ProQuest affiliated libraries.
|
| 650 |
|
0 |
|a Banks and banking.
|
| 650 |
|
0 |
|a Capital market.
|
| 650 |
|
0 |
|a Financial instruments.
|
| 650 |
|
0 |
|a Foreign exchange market.
|
| 655 |
|
4 |
|a Electronic books.
|
| 700 |
1 |
|
|a Fullenkamp, Connel.
|
| 700 |
1 |
|
|a Sharma, Sunil.
|
| 710 |
2 |
|
|a IMF Institute.
|
| 710 |
2 |
|
|a International Monetary Fund.
|
| 710 |
2 |
|
|a ProQuest (Firm)
|
| 830 |
|
0 |
|a IMF working paper ;
|v WP/09/156.
|
| 856 |
4 |
0 |
|u https://ebookcentral.proquest.com/lib/matrademy/detail.action?docID=1608377
|z Click to View
|